000 00656nam a2200205 i 4500
001 13956
003 ES-MaACL
005 20230906150711.0
007 t|
008 980824s1997 sp ||||1| spa d
020 _a84-8264-090-9
080 _a016:159.9
080 _a159.9:016
245 0 3 _aLa incorporación de la psicología científica a la cultura española
_b: siete décadas de traducciones (1868-1936) /
_cJ. Quintana... [et al.] (editores).
260 _aMadrid :
_bUAM,
_c1997.
300 _a271 p. :
_bil. ;
_c24 cm.
650 1 4 _aPsicología-
_xBibliografías.
_916541
700 1 _aQuintana, Jordi.
_9169847
852 _aES-MaACL
_jL-21284
999 _c13956
_d13956